Các mạch điện tử thực hành. t.III /
Sparad:
| Huvudupphovsman: | |
|---|---|
| Materialtyp: | Sách giấy |
| Språk: | Vietnamese |
| Publicerad: |
H. :
Thống kê,
2002
|
| Taggar: |
Lägg till en tagg
Inga taggar, Lägg till första taggen!
|
| Thư viện lưu trữ: | Thư viện Trường Đại học Đà Lạt |
|---|
| LEADER | 00688nam a2200289 4500 | ||
|---|---|---|---|
| 001 | DLU030024982 | ||
| 005 | ##20031008 | ||
| 040 | # | # | |a DLU |b vie |
| 041 | # | # | |a vie |
| 044 | # | # | |a vn |
| 082 | # | # | |a 621.381 5 |b VI-A |
| 100 | # | # | |a Việt Anh |
| 245 | # | # | |a Các mạch điện tử thực hành. |n t.III / |c Việt Anh |
| 260 | # | # | |a H. : |b Thống kê, |c 2002 |
| 300 | # | # | |a 124 tr. ; |c 20 cm |
| 300 | # | # | |a 219 tr.; |c 20 cm. |
| 500 | # | # | |a Các mạch điện tử ứng dụng |
| 992 | # | # | |a 15000 |
| 994 | # | # | |a DLU |
| 900 | # | # | |a True |
| 911 | # | # | |a Nguyễn Thị Tố Hạnh |
| 925 | # | # | |a G |
| 926 | # | # | |a A |
| 927 | # | # | |a SH |
| 980 | # | # | |a Thư viện Trường Đại học Đà Lạt |